Loading...
| Arts - Music | 3 | 13.33 | 100% | 33% | 0% |
| Arts - Other Arts | 6 | 11.67 | 67% | 50% | 0% |
| Arts - Painting | 2 | 15.00 | 100% | 50% | 0% |
| Beliefs - Mythology | 1 | 10.00 | 100% | 0% | 0% |
| History - American History | 2 | 25.00 | 100% | 100% | 50% |
| History - European | 4 | 20.00 | 100% | 75% | 25% |
| History - Other History | 6 | 13.33 | 67% | 50% | 17% |
| History - World | 1 | 20.00 | 100% | 100% | 0% |
| History - World History | 4 | 20.00 | 75% | 100% | 25% |
| Literature - American Lit | 3 | 16.67 | 100% | 33% | 33% |
| Literature - British Lit | 4 | 17.50 | 100% | 50% | 25% |
| Literature - European Lit | 1 | 20.00 | 100% | 100% | 0% |
| Literature - World Lit | 4 | 12.50 | 75% | 50% | 0% |
| Mythology | 3 | 13.33 | 100% | 33% | 0% |
| Other - Geo/CE | 5 | 24.00 | 100% | 100% | 40% |
| Other Academic | 4 | 10.00 | 75% | 25% | 0% |
| Pop Culture | 4 | 20.00 | 100% | 75% | 25% |
| Religion | 4 | 12.50 | 100% | 25% | 0% |
| Science - Biology | 3 | 13.33 | 100% | 0% | 33% |
| Science - Chemistry | 4 | 17.50 | 100% | 50% | 25% |
| Science - Engineering | 1 | 10.00 | 100% | 0% | 0% |
| Science - Other Science | 5 | 16.00 | 80% | 60% | 20% |
| Science - Physics | 3 | 10.00 | 67% | 33% | 0% |
| Thought - Philosophy | 4 | 10.00 | 50% | 25% | 25% |
| Thought - Social Science | 5 | 6.00 | 60% | 0% | 0% |